<?xml version="1.0" encoding="UTF-8"?>
<record
    xmlns:xsi="http://www.w3.org/2001/XMLSchema-instance"
    xsi:schemaLocation="http://www.loc.gov/MARC21/slim http://www.loc.gov/standards/marcxml/schema/MARC21slim.xsd"
    xmlns="http://www.loc.gov/MARC21/slim">

  <leader>00565nam a22001817a 4500</leader>
  <controlfield tag="003">BDDh-ASL</controlfield>
  <controlfield tag="005">20231015031048.0</controlfield>
  <controlfield tag="008">221219n        xx ||||| |||| 00| 0 a   d</controlfield>
  <datafield tag="040" ind1=" " ind2=" ">
    <subfield code="a">BDDh-ASL</subfield>
    <subfield code="c">BDDh-ASL</subfield>
  </datafield>
  <datafield tag="041" ind1=" " ind2=" ">
    <subfield code="a">ara</subfield>
  </datafield>
  <datafield tag="082" ind1=" " ind2=" ">
    <subfield code="a">297</subfield>
    <subfield code="b">SHT</subfield>
  </datafield>
  <datafield tag="100" ind1="1" ind2=" ">
    <subfield code="a">Shahid, Haji Mohammad Ismail </subfield>
    <subfield code="9">6785</subfield>
  </datafield>
  <datafield tag="245" ind1="1" ind2="0">
    <subfield code="a">Tanw&#x12B;rul 'ainain f&#x12B; Ithbati Raf'ul Yadain : / &#x62A;&#x646;&#x648;&#x64A;&#x631; &#x627;&#x644;&#x639;&#x64A;&#x646;&#x64A;&#x646; &#x641;&#x64A; &#x627;&#x62B;&#x628;&#x627;&#x62A; &#x631;&#x641;&#x639; &#x627;&#x644;&#x64A;&#x62F;&#x64A;&#x646; </subfield>
  </datafield>
  <datafield tag="260" ind1=" " ind2=" ">
    <subfield code="b">Rahmani Press , </subfield>
    <subfield code="c">1834/1256H. </subfield>
  </datafield>
  <datafield tag="300" ind1=" " ind2=" ">
    <subfield code="a">144 p. : </subfield>
    <subfield code="c">24 cm. </subfield>
  </datafield>
  <datafield tag="650" ind1=" " ind2="0">
    <subfield code="a"> Islamic Discourse </subfield>
    <subfield code="9">5142</subfield>
  </datafield>
  <datafield tag="942" ind1=" " ind2=" ">
    <subfield code="2">ddc</subfield>
    <subfield code="c">BK</subfield>
  </datafield>
  <datafield tag="952" ind1=" " ind2=" ">
    <subfield code="0">0</subfield>
    <subfield code="1">0</subfield>
    <subfield code="2">ddc</subfield>
    <subfield code="4">0</subfield>
    <subfield code="7">1</subfield>
    <subfield code="8">NFIC</subfield>
    <subfield code="a">ASL</subfield>
    <subfield code="b">ASL</subfield>
    <subfield code="c">GEN</subfield>
    <subfield code="d">2022-12-19</subfield>
    <subfield code="e">ASB Library Collection</subfield>
    <subfield code="h">A-0025</subfield>
    <subfield code="l">0</subfield>
    <subfield code="o">297 SHT</subfield>
    <subfield code="p">117921</subfield>
    <subfield code="r">2022-12-19 00:00:00</subfield>
    <subfield code="t">C-1</subfield>
    <subfield code="w">2022-12-19</subfield>
    <subfield code="y">BK</subfield>
    <subfield code="z">Y-1834</subfield>
  </datafield>
  <datafield tag="999" ind1=" " ind2=" ">
    <subfield code="c">29724</subfield>
    <subfield code="d">29724</subfield>
  </datafield>
</record>
